006_ Personnalités nées un 6 janvier par images - Statistiques

Statistiques générales
  • Ce quiz a été pris 45 fois
  • Le résultat moyen est 2 sur 9
Statistiques - réponses
Par images Hint Réponse % Correct
Animateur Thierry Ardisson
100%
Acteur Rowan Atkinson
80%
Politicien Eric Piolle
16%
Roi Richard II
11%
Actrice Loretta Young
9%
Musicien Malcolm Young
9%
Homme d'affaires Eric Trump
7%
Inventeur Jacques-Étienne Montgolfier
7%
Basketteuse Alice Kunek
0%
Aucun quiz correspondant
Distribution des résultats
% des personnes avec chaque résultat
Percentile par nombre de réponses
Votre historique - résultats
Vous n’avez pas pris ce quiz